书目信息 |
| 题名: |
现代通信系统
|
|
| 作者: | 普罗基斯 , Proakis , Salehi , 普罗基斯John G. Proakis 著 | |
| 分册: | ||
| 出版信息: | 北京 科学出版社 2003.03 |
|
| 页数: | 428页 | |
| 开本: | 26cm | |
| 丛书名: | 国外高校电子信息类优秀教材 | |
| 单 册: | ||
| 中图分类: | TN914 | |
| 科图分类: | ||
| 主题词: | 通信系统--计算机辅助计算--软件包, MATLAB--高等学校--教材--英文 , 通信系统 , 计算机辅助计算 | |
| 电子资源: | ||
| ISBN: | 7-03-011142-7 | |
| 000 | 01145nam2 2200301 45 | |
| 005 | 20050104093905.42 | |
| 010 | @a7-03-011142-7@dCNY 36.00 | |
| 100 | @a20030429d2003 ekmy0chiy0121 ea | |
| 101 | 0 | @aeng |
| 102 | @aCN@b110000 | |
| 105 | @aa z 000yy | |
| 200 | 1 | @a现代通信系统@Axian dai tong xin xi tong@e应用MATLAB@dCotemporary communication systems using MATLAB@f(美)普罗基斯John G. Proakis, Masoud Salehi著@F(mei)pu luo ji si John G.Proakis,Masoud Salehi zhu@zeng |
| 210 | @a北京@c科学出版社@d2003.03 | |
| 215 | @a428页@c图@d26cm | |
| 225 | 2 | @a国外高校电子信息类优秀教材@e英文影印版 |
| 410 | 0 | @12001 @a国外高校电子信息类优秀教材 |
| 510 | 1 | @aCotemporary communication systems using MATLAB@zeng |
| 606 | 0 | @a通信系统@x计算机辅助计算@x软件包, MATLAB@x高等学校@j教材@x英文 |
| 606 | 0 | @a通信系统 |
| 606 | 0 | @a计算机辅助计算 |
| 610 | 1 | @aMATLAB |
| 690 | @aTN914@v4 | |
| 701 | 1 | @a普罗基斯@Apu luo ji si@bJohn G.@4著 |
| 701 | A1 | @aProakis@bJohn G.@4著 |
| 701 | A1 | @aSalehi@bMasoud@4著 |
| 701 | 0 | @a普罗基斯John G. Proakis@Apu luo ji si John G.Proakis@4著 |
| 801 | 0 | @aCN@bQSSKy1@c20050104 |
| 905 | @a10447@dTN914@eP900 | |
| 现代通信系统:应用MATLAB=Cotemporary communication systems using MATLAB/(美)普罗基斯John G. Proakis, Masoud Salehi著.-北京:科学出版社,2003.03 |
| 428页:图;26cm.-(国外高校电子信息类优秀教材:英文影印版) |
| ISBN 7-03-011142-7:CNY 36.00 |
| ● |
| 相关链接 |
|
|
|
正题名:现代通信系统
索取号:TN914/P900
 
预约/预借
| 序号 | 登录号 | 条形码 | 馆藏地/架位号 | 状态 | 备注 |
| 1 | 433869 | 204338699 | 自科库301/301自科库 37排3列2层/ [索取号:TN914/P900] | 在馆 |